[Event "Werner-Ott-Open Kreuzberger Sommer 2018"]
[Site "Berlin"]
[Date "2018.06.30"]
[Round "1.1"]
[White "Stern, Rene"]
[Black "Fock, Amina"]
[Result "1-0"]
[WhiteElo "2510"]
[BlackElo "1770"]
[Annotator "Lange,A1&BB_R_640941"]
[PlyCount "63"]
[EventDate "2018.06.30"]
[EventType "swiss"]
[EventRounds "9"]
[EventCountry "GER"]
[SourceTitle "WOOKS_2018_R1"]
[Source "Andreas Lange"]
[SourceDate "2018.06.30"]
[SourceVersion "1"]
[SourceVersionDate "2018.06.30"]
[SourceQuality "1"]
[WhiteTeam "SK Koenig Tegel 1949"]
[BlackTeam "SC Zugzwang 95"]
[WhiteTeamCountry "GER"]
[BlackTeamCountry "GER"]

{[%mdl 8192] A81: Holländische Verteidigung (Leningrader Variante)} 1. Nf3 f5
2. d4 g6 3. g3 Bg7 4. Bg2 Nf6 5. b3 O-O 6. Bb2 d6 7. Nbd2 Qe8 8. O-O Nbd7 (8...
h6 9. a4 (9. Re1 g5 10. e4 fxe4 11. Nxe4 Nxe4 12. Rxe4 Bf5 13. Re3 Nc6 14. Qe2
Qf7 15. Rd1 Rae8 16. c4 Nb4 17. Ne1 Bg4 18. Bf3 Bxf3 19. Rxf3 Qg6 20. Rxf8+
Bxf8 21. a3 Nc6 22. d5 Nd8 23. Ng2 e6 {Bulthaupt,F-Klostermann,M (2290) 2.
Bundesliga Nord 1988/89, Deutschland 1989 0-1 (59)}) 9... c6 10. e3 g5 11. Ne1
Na6 12. Nd3 Qg6 13. f4 Ne4 14. Nf2 Nf6 15. Qe2 Bd7 16. Nc4 Rae8 17. Rad1 Nc7
18. a5 Kh8 19. Bf3 Be6 20. Nd2 Bd5 21. c4 Bxf3 22. Nxf3 Rf7 23. b4 {
Eisentraeger,D-Schnabel,R (2230) Oberliga Nord Ost 1997/98, Deutschland 1997
½-½}) (8... Nc6 9. Nc4 e6 (9... h6 10. d5 Nb4 11. Bxf6 Bxf6 12. Qd2 Bxa1 13.
Rxa1 Na6 14. Qxh6 Qf7 15. Nh4 Qg7 16. Qxg6 f4 17. e3 fxg3 18. hxg3 Bd7 19. e4
Nb4 20. Ne3 a5 21. a3 Na6 22. e5 dxe5 23. Nc4 Bf5 24. Nxf5 Qxg6 25. Nxe7+ Kg7
26. Nxg6 Kxg6 27. Nxa5 Nc5 28. b4 Kf6 29. Re1 Rh8 30. Re3 Rh7 31. Rf3+ Kg5 32.
Rc3 b6 33. d6 Rf8 34. bxc5 bxa5 35. Rd3 cxd6 36. cxd6 Ra7 37. c4 Rc8 38. c5 {
1-0 (38) Loginov,V (2525)-Hetey,L (2410) Berliner Sommer 1996}) 10. a4 a5 11.
e3 Bd7 12. Re1 Rd8 13. Qe2 Ne4 14. Rad1 Qf7 15. Nfd2 d5 16. Na3 e5 17. Nb5 Bc8
18. f3 Nxd2 19. Qxd2 exd4 20. exd4 f4 21. Qxf4 Qxf4 22. gxf4 Rxf4 23. c3 Rf7
24. Rd2 Bf5 25. Rde2 Bh6 26. Re8+ Rxe8 27. Rxe8+ Kg7 28. Ba3 Bc2 29. Bh3 Rxf3
30. Bg2 Be3+ 31. Kh1 Be4 32. Rxe4 dxe4 33. Bxf3 exf3 34. Nxc7 g5 35. Nd5 Bd2
36. Kg1 g4 37. Kf2 h5 38. Bd6 Kg6 39. Bf4 Bxf4 40. Nxf4+ Kg5 41. Ne6+ Kh4 42.
Nf4 Kg5 43. Ne6+ Kh4 {½-½ (43) Maiwald,J (2516)-Heidrich,M (2415) 1.
Bundesliga 2002/03, Berlin-Neukoelln 2003}) 9. Nc4 Rb8 10. d5 Nc5 11. a4 Nce4
12. Nfd2 Nxd2 13. Qxd2 e5 14. Qa5 b6 15. Qxa7 Bb7 $17 16. Ba3 Qd8 17. a5 $11 b5
18. Nxe5 dxe5 19. Bxf8 Bxf8 20. d6 c6 21. a6 Ba8 $11 22. d7 Be7 23. Rfd1 Nd5
24. c4 $16 bxc4 25. bxc4 Nc7 $4 26. Rab1 $18 Rxb1 27. Rxb1 Qxd7 28. Rb8+ Kf7
29. Rxa8 Qd1+ 30. Bf1 Nxa8 31. Qxa8 Qa4 32. a7 1-0

[Event "Werner-Ott-Open Kreuzberger Sommer 2018"]
[Site "Berlin"]
[Date "2018.06.30"]
[Round "1.2"]
[White "Scholta, Danilo"]
[Black "Ahmadinia, Ebrahim"]
[Result "0-1"]
[WhiteElo "1767"]
[BlackElo "2415"]
[Annotator "Lange,A1&BB_R_640941"]
[PlyCount "42"]
[EventDate "2018.06.30"]
[EventType "swiss"]
[EventRounds "9"]
[EventCountry "GER"]
[SourceTitle "WOOKS_2018_R1"]
[Source "Andreas Lange"]
[SourceDate "2018.06.30"]
[SourceVersion "1"]
[SourceVersionDate "2018.06.30"]
[SourceQuality "1"]
[WhiteTeam "SV Empor Berlin"]
[BlackTeam "SF Berlin 1903"]
[WhiteTeamCountry "GER"]
[BlackTeamCountry "GER"]

{[%mdl 8256] A40: Verschiedene (seltene) Antworten auf 1.d4} 1. d4 g6 2. e3 Bg7
3. c3 Nf6 4. Bc4 (4. Bd3 d6 5. f4 e5 6. fxe5 dxe5 7. Nd2 {0-1 (9) Lohse,S 
(1928)-Hoeckendorf,H (2185), Berlin, Lichtenberger Sommer 2012}) (4. f4 O-O 5.
Nf3 d6 6. Nbd2 c5 7. Bd3 {0-1 (23) Lohse,S (1928)-Jaeger,A (2002), Berlin,
Lichtenberger Sommer 2012}) 4... O-O 5. f4 d5 6. Bd3 c5 7. Nf3 Nc6 8. O-O Bf5
9. Bxf5 gxf5 10. Ne5 e6 11. Nd2 Kh8 12. Rf3 Ng4 13. Rh3 Ncxe5 14. fxe5 f6 15.
exf6 Rxf6 16. Nf3 Rg6 17. e4 $4 dxe4 $19 18. Nh4 Rf6 19. Bg5 cxd4 $1 20. cxd4
Qb6 21. Bxf6 Bxf6 0-1

[Event "Werner-Ott-Open Kreuzberger Sommer 2018"]
[Site "Berlin"]
[Date "2018.06.30"]
[Round "1.3"]
[White "Malek, Daniel"]
[Black "Fock, Sana"]
[Result "1-0"]
[WhiteElo "2383"]
[BlackElo "1761"]
[Annotator "Lange,A1&BB_R_640941"]
[PlyCount "77"]
[EventDate "2018.06.30"]
[EventType "swiss"]
[EventRounds "9"]
[EventCountry "GER"]
[SourceTitle "WOOKS_2018_R1"]
[Source "Andreas Lange"]
[SourceDate "2018.06.30"]
[SourceVersion "1"]
[SourceVersionDate "2018.06.30"]
[SourceQuality "1"]
[WhiteTeam "SK Zehlendorf"]
[BlackTeam "SC Zugzwang 95"]
[WhiteTeamCountry "GER"]
[BlackTeamCountry "GER"]

{[%mdl 8256] A55: Altindisch} 1. c4 c6 2. e4 e5 3. Nf3 d6 4. d4 Nd7 5. Nc3 Ngf6
6. Be2 Be7 7. O-O O-O 8. Be3 a5 (8... exd4 9. Nxd4 d5 10. exd5 cxd5 11. Ndb5
Nb6 12. Bf4 Be6 13. Nc7 Rc8 14. cxd5 Nfxd5 15. N3xd5 Nxd5 16. Nxe6 fxe6 17. Bg3
Qb6 18. Bg4 Bc5 19. Qb3 Rfe8 20. Qxb6 Bxb6 21. Rfe1 Kf7 22. Re2 Bc7 23. Rc1 {
Lobron,E (2585)-Casper,T (2405), 1. Bundesliga 1996/97, Erfurt 1996, 1-0 (33)})
9. d5 (9. Qc2 Qc7 10. b3 Re8 11. Rfe1 Kf8 12. Rad1 g6 13. d5 Ng4 14. Bd2 Nc5
15. h3 Nh6 16. a3 f5 17. b4 axb4 18. axb4 Nxe4 19. Nxe4 fxe4 20. Qxe4 Nf7 21.
g4 Bd7 {½-½ (21) Brustkern,J (2254)-Jugelt,T (2423) Berlin 2014
Koenigsjaeger Fruehling}) 9... Qc7 10. Nd2 Re8 11. a3 Nf8 12. Rc1 Bd7 13. b4
axb4 14. axb4 Rec8 15. c5 cxd5 16. Nxd5 Ba4 $4 17. Nxc7 $18 Bxd1 18. Nxa8 Bxe2
19. cxd6 Rxc1 20. Rxc1 Bxd6 21. Bc5 Ne8 22. Nb6 Ne6 23. Bxd6 Nxd6 24. Nbc4 Nxc4
25. Nxc4 g6 26. Nxe5 Bb5 27. Rc8+ Kg7 28. Rb8 Ba6 29. Nxf7 $1 Kxf7 30. b5 $1
Nc5 31. bxa6 bxa6 32. f3 Ke7 33. Kf2 Kd6 34. Ke3 Kc7 35. Rh8 Kb6 36. Rxh7 a5
37. Rh6 a4 38. Rxg6+ Kb5 39. Kd4 1-0

[Event "Werner-Ott-Open Kreuzberger Sommer 2018"]
[Site "Berlin"]
[Date "2018.06.30"]
[Round "1.4"]
[White "Kebbedies, Frank"]
[Black "Von Herman, Ulf"]
[Result "1/2-1/2"]
[WhiteElo "1750"]
[BlackElo "2354"]
[Annotator "Lange,A1&BB_R_640941"]
[PlyCount "55"]
[EventDate "2018.06.30"]
[EventType "swiss"]
[EventRounds "9"]
[EventCountry "GER"]
[SourceTitle "WOOKS_2018_R1"]
[Source "Andreas Lange"]
[SourceDate "2018.06.30"]
[SourceVersion "1"]
[SourceVersionDate "2018.06.30"]
[SourceQuality "1"]
[WhiteTeam "vereinslos"]
[BlackTeam "SK Koenig Tegel 1949"]
[BlackTeamCountry "GER"]

{E32: Nimzoindisch (4.Dc2)} 1. d4 Nf6 2. c4 e6 3. Nc3 Bb4 4. Qc2 b6 5. e4 c5 6.
d5 (6. e5 cxd4 7. a3 Bxc3+ 8. bxc3 Ng8 9. cxd4 Bb7 10. a4 Nc6 11. Nf3 Rc8 12.
Be2 Nge7 13. O-O Na5 14. Ra3 Nf5 15. Rd1 O-O 16. Rc3 d6 17. Ba3 Re8 18. d5 dxe5
19. dxe6 Qf6 20. exf7+ Qxf7 {Ponkratov,P (2604)-Morozevich,A (2711), Berlin
Meierei Bolle, Blitz WM 2015, 0-1}) 6... exd5 7. exd5 Qe7+ (7... O-O 8. Bd3 b5
9. b3 bxc4 10. bxc4 d6 11. Nge2 Nbd7 12. f4 Bxc3+ 13. Qxc3 Re8 14. O-O Rb8 15.
Ng3 Nf8 16. h3 Ng6 17. Bd2 Rb7 18. Rae1 Rxe1 19. Rxe1 Re7 20. Rb1 h6 21. Qc2
Nf8 22. Bc3 {Vidonyak,R (2436)-Jakubowski,K (2508), 1. Bundesliga 2017/18,
Muenchen 2018 1-0 (51)}) 8. Be2 Qe4 9. Qxe4+ Nxe4 10. Bd2 Bxc3 11. Bxc3 Nxc3
12. bxc3 d6 13. Nf3 Bg4 14. Nd2 Bxe2 15. Kxe2 Nd7 16. f4 Nf6 17. Kf3 Kd7 18. g4
h6 19. h4 h5 20. g5 Ng8 21. Ne4 Ne7 22. Ng3 Raf8 23. f5 $16 g6 24. f6 Nc8 25.
a4 Re8 26. Ra2 Re5 27. Rhh2 Rhe8 28. Rhe2 1/2-1/2

[Event "Werner-Ott-Open Kreuzberger Sommer 2018"]
[Site "Berlin"]
[Date "2018.06.30"]
[Round "1.5"]
[White "Radovanovic, Jovica"]
[Black "Guder, Sibylle"]
[Result "1-0"]
[WhiteElo "2311"]
[BlackElo "1750"]
[Annotator "Lange,A1&BB_R_640941"]
[PlyCount "73"]
[EventDate "2018.06.30"]
[EventType "swiss"]
[EventRounds "9"]
[EventCountry "GER"]
[SourceTitle "WOOKS_2018_R1"]
[Source "Andreas Lange"]
[SourceDate "2018.06.30"]
[SourceVersion "1"]
[SourceVersionDate "2018.06.30"]
[SourceQuality "1"]
[WhiteTeam "vereinslos"]
[BlackTeam "SF Berlin 1903"]
[BlackTeamCountry "GER"]

{[%mdl 64] E11: Damenindisch (Bogoljubow-Variante)} 1. d4 Nf6 2. Nf3 d5 3. c4
e6 4. g3 Bb4+ 5. Bd2 Be7 6. Bg2 O-O 7. O-O c6 8. Qc2 $146 (8. b3 b6 9. Bc3 Nbd7
10. Nbd2 Bb7 11. Qc2 Rc8 12. Rad1 c5 13. e3 dxc4 14. bxc4 Rc7 15. e4 cxd4 16.
Nxd4 Qa8 17. Nb5 Rcc8 18. a4 Nc5 19. f3 Rfd8 20. Nb1 Bc6 21. Be5 a6 22. N5c3
Qb7 {Keil,U (2075)-Stern,R (2483) Berlin SC Friesen Lichtenberg, Lichtenberger
Sommer 2003 0-1 (38)}) (8. Nc3 Nbd7 9. cxd5 cxd5 10. Rc1 a6 11. Na4 Ne4 12. Bf4
b5 13. Nc3 Nd6 14. Ne5 Bb7 15. Bh3 Rc8 16. Qd3 Nxe5 17. dxe5 Nc4 18. b3 Na5 19.
Bd2 Nc6 20. f4 Nb4 21. Qb1 Qb6+ 22. e3 d4 {Buck,L-Bunzmann,D (2185) Potsdamer
Weihnachtsopen 1995 0-1 (33)}) 8... a5 9. Bf4 Nh5 10. Bc1 f5 11. b3 Na6 12.
Nbd2 Nf6 13. Bb2 Ne4 14. Ne5 Bd6 15. Nxe4 fxe4 16. f3 exf3 17. Bxf3 Bxe5 18.
dxe5 Bd7 19. Qd2 Be8 20. Bg4 Rxf1+ 21. Rxf1 Bf7 22. cxd5 Qxd5 23. Qf4 Qc5+ 24.
Kg2 Qe7 25. h4 Rd8 26. Bd4 c5 27. Be3 Nb4 $2 28. Bxc5 $1 $18 Qd7 29. Bxb4 axb4
30. Qxb4 b5 31. Bf3 Rc8 $2 32. Qd6 Qa7 $6 33. Rc1 $1 Rf8 34. Qc5 Qa6 35. Rc2 g6
36. Qd4 Kg7 37. Qf4 {Zeit} 1-0

[Event "Werner-Ott-Open Kreuzberger Sommer 2018"]
[Site "Berlin"]
[Date "2018.06.30"]
[Round "1.6"]
[White "Jansen, Robert"]
[Black "Hacker, Jonas"]
[Result "0-1"]
[WhiteElo "1748"]
[BlackElo "2291"]
[Annotator "Lange,A1&BB_R_640941"]
[PlyCount "68"]
[EventDate "2018.06.30"]
[EventType "swiss"]
[EventRounds "9"]
[EventCountry "GER"]
[SourceTitle "WOOKS_2018_R1"]
[Source "Andreas Lange"]
[SourceDate "2018.06.30"]
[SourceVersion "1"]
[SourceVersionDate "2018.06.30"]
[SourceQuality "1"]
[WhiteTeam "SC Kreuzberg"]
[BlackTeam "SC Eppingen"]
[WhiteTeamCountry "GER"]
[BlackTeamCountry "GER"]

{[%mdl 8256] E38: Nimzoindisch (4.Dc2)} 1. d4 Nf6 2. c4 e6 3. Nc3 Bb4 4. Qc2 c5
5. e3 Nc6 6. Nf3 d5 (6... Qc7 7. Bd3 h6 8. a3 cxd4 9. exd4 Bxc3+ 10. Qxc3 d5
11. O-O O-O 12. b4 dxc4 13. Qxc4 Qd7 14. Bb2 Qd5 15. Rac1 Rd8 16. Bb1 a6 17.
Rfd1 Rd6 18. Qe2 b5 19. Rc5 Qb3 20. Rd3 {1-0 (20) Gunkel,W (1558)-Siegmeyer,I 
(1454) Berlin, DSenEM 2010}) 7. cxd5 $146 (7. a3 Bxc3+ 8. bxc3 cxd4 9. exd4 Bd7
10. Bd3 dxc4 11. Bxc4 Rc8 12. Bd3 Qa5 13. Bd2 Qc7 14. O-O Ne7 15. Rac1 a6 16.
c4 Ng6 17. Rfe1 O-O 18. Bg5 Ne8 19. h4 f5 20. Ne5 Nxe5 21. Rxe5 Nf6 {Knopf,R 
(1821)-Schiller,S (1710) Berlin, Open SF Neukoelln 2004 1-0 (39)}) 7... exd5 8.
Bb5 O-O 9. Bxc6 bxc6 10. O-O cxd4 11. exd4 h6 12. Be3 Re8 13. Rfe1 Ne4 14. Qa4
a5 15. Rac1 Bd7 16. Ne5 Re6 17. Re2 Nxc3 18. bxc3 Bd6 19. Nxd7 Qxd7 20. c4 Rg6
21. cxd5 $4 Qg4 $19 22. f3 Qh5 23. g4 Qxd5 $4 24. Rf2 $17 h5 25. h3 $2 Re8 26.
Rc3 $4 hxg4 27. hxg4 Rge6 28. Bd2 Bg3 29. Rf1 Re2 30. Rd3 Bh2+ 31. Kh1 Bc7 32.
Qb3 Qd6 33. f4 $19 a4 $1 34. Qc4 Qh6+ 0-1

[Event "Werner-Ott-Open Kreuzberger Sommer 2018"]
[Site "Berlin"]
[Date "2018.06.30"]
[Round "1.7"]
[White "Rehberg, Raphael"]
[Black "Wunderlich, Fabian"]
[Result "1-0"]
[WhiteElo "2279"]
[BlackElo "1747"]
[Annotator "Lange,A1&BB_R_640941"]
[PlyCount "73"]
[EventDate "2018.06.30"]
[EventType "swiss"]
[EventRounds "9"]
[EventCountry "GER"]
[SourceTitle "WOOKS_2018_R1"]
[Source "Andreas Lange"]
[SourceDate "2018.06.30"]
[SourceVersion "1"]
[SourceVersionDate "2018.06.30"]
[SourceQuality "1"]
[WhiteTeam "SG Lok Brandenburg"]
[BlackTeam "vereinslos"]
[WhiteTeamCountry "GER"]

{[%mdl 8192] B27: Sizilianisch (Frühes Fianchetto)} 1. e4 c5 2. Nf3 g6 3. d4
cxd4 4. Qxd4 Nf6 5. e5 Nc6 6. Qa4 Nd5 7. Qe4 Nc7 (7... Nb6 8. Nc3 Bg7 9. Bf4 (
9. Bb5 O-O 10. Bf4 a6 11. Bd3 Re8 12. Qe2 d5 13. O-O Bg4 14. Rfe1 d4 15. Nd1
Nd5 16. Bg3 Rc8 17. h3 Bxf3 18. Qxf3 e6 19. a3 Qg5 20. Qg4 Qxg4 21. hxg4 b5 22.
Be4 Nxe5 23. Bxe5 Bxe5 {Fathke,L (1327)-Reichmann,F (1550) Willingen DEM 2017
U10, 0-1 (34)}) 9... d5 10. exd6 Bf5 11. Qe2 O-O 12. O-O-O exd6 13. h4 Re8 14.
Qd2 d5 15. Bd3 d4 16. Nb5 Qd5 17. b3 Bxd3 18. Nc7 Qc5 19. Nxe8 Rxe8 20. Qxd3
Nb4 {0-1 (20) Pavlidis,A (2522)-Zvjaginsev,V (2660) Berlin Meierei Bolle Blitz
WM 2015}) 8. Nc3 Bg7 9. Bf4 $146 (9. Be3 O-O 10. Be2 b5 11. a3 Rb8 12. O-O Bb7
13. Qh4 Nxe5 14. Nxe5 Bxe5 15. Bxa7 e6 16. Qh3 Ra8 17. Bb6 Qf6 18. f4 Bd4+ 19.
Bxd4 Qxd4+ 20. Kh1 Qc5 21. Rad1 d5 22. Bd3 f5 23. Ne2 b4 {Lerch,P (2078)
-Koenig,F (1975) Berlin SC Friesen Lichtenberg, Lichtenberger Sommer 2011 0-1 
(45)}) 9... O-O 10. Bc4 b5 $15 11. Bb3 Bb7 12. h4 Na5 13. Qe3 Nxb3 14. axb3 b4
15. Ne2 Nd5 16. Qe4 Qc7 17. Bg3 Nc3 18. Qc4 Qxc4 19. bxc4 Ne4 20. Bf4 Rfc8 21.
b3 h6 22. Ra5 $15 Rc5 23. Rxc5 Nxc5 24. Ned4 a5 25. Ke2 Ne4 26. Nb5 Bc6 27.
Nfd4 $11 g5 28. hxg5 hxg5 29. Bh2 g4 30. Bf4 Bxb5 31. Nxb5 f6 32. e6 d6 33. Nd4
$16 d5 $2 34. Nf5 Kf8 $4 35. Rh7 dxc4 36. Bh6 Bxh6 37. Rh8# 1-0

[Event "Werner-Ott-Open Kreuzberger Sommer 2018"]
[Site "Berlin"]
[Date "2018.06.30"]
[Round "1.8"]
[White "Rouditser, Benjamin"]
[Black "Jeremic, Dusan"]
[Result "0-1"]
[WhiteElo "1739"]
[BlackElo "2179"]
[Annotator "Lange,A1&BB_R_640941"]
[PlyCount "146"]
[EventDate "2018.06.30"]
[EventType "swiss"]
[EventRounds "9"]
[EventCountry "GER"]
[SourceTitle "WOOKS_2018_R1"]
[Source "Andreas Lange"]
[SourceDate "2018.06.30"]
[SourceVersion "1"]
[SourceVersionDate "2018.06.30"]
[SourceQuality "1"]
[WhiteTeam "SVg Lasker Steglitz-Wilmersdorf"]
[BlackTeam "SF Berlin 1903"]
[WhiteTeamCountry "GER"]
[BlackTeamCountry "GER"]

{[%mdl 8256] E70: Königsindisch (Weiß spielt früh e2-e4)} 1. d4 Nf6 2. c4 e6 3.
Nc3 c5 4. d5 d6 5. e4 g6 (5... e5 6. h3 Be7 7. Nf3 O-O 8. Bd3 Re8 9. g4 Na6 10.
Qe2 Bf8 11. Bg5 Nb4 12. Bb1 h6 13. Bd2 Nh7 14. a3 Na6 15. Bc2 Be7 16. Nd1 Rb8
17. Ba4 Bd7 18. Bb5 Nc7 19. a4 Nxb5 20. axb5 Ra8 21. Ne3 g6 22. Kf1 Ng5 23.
Nxg5 Bxg5 24. Kg2 Bf4 25. Be1 Kg7 26. f3 a5 27. bxa6 b6 28. b4 cxb4 29. Bxb4
Bc8 30. Ra3 Rxa6 31. Rha1 Rxa3 32. Rxa3 h5 33. Bd2 hxg4 34. fxg4 Qc7 35. Nf1
Bd7 36. Bxf4 exf4 37. Qb2+ Kg8 38. Nd2 Qc8 39. Qxb6 Bxg4 40. hxg4 Qxg4+ 41. Kf2
Qh4+ 42. Ke2 Qg4+ 43. Ke1 g5 44. Qc6 Qg1+ 45. Ke2 Qg2+ 46. Kd1 Rb8 47. Ra8 Rxa8
48. Qxa8+ Kg7 49. Qa3 g4 50. Qxd6 f3 51. Qf4 f2 52. d6 {1-0 (52) Albrecht,R 
(2123)-Sebastian,M (1807) Berlin, Kreuzberg Open 2005}) (5... Be7 6. Be2 Na6 7.
Nf3 exd5 8. exd5 O-O 9. O-O Re8 10. Re1 Nc7 11. a3 b5 12. Nxb5 Nxb5 13. cxb5
Bb7 14. Bc4 Qd7 15. Qd3 Qg4 16. Be3 Qh5 17. Rad1 Bf8 18. Bg5 Nd7 19. Re3 Nb6
20. b3 h6 21. Rxe8 Rxe8 22. Bc1 Qg4 23. h3 {½-½ (23) Poseck,S-Spiess,G,
Berlin SC Friesen Lichtenberg, Lichtenberger Sommer 2007}) (5... exd5 6. exd5
g6 7. Be2 Bg7 8. Bg5 h6 9. Bf4 O-O 10. Nf3 Re8 11. O-O Bg4 12. h3 Bxf3 13. Bxf3
Na6 14. Qd2 Kh7 15. Rfe1 Nc7 16. g4 Qd7 17. Rxe8 Rxe8 18. Re1 Bf8 19. Kg2 b5
20. g5 hxg5 21. Rxe8 Nfxe8 22. Bxg5 bxc4 23. Qf4 Qf5 24. Qxf5 gxf5 25. Be2 Kg6
26. Bd8 Bg7 27. Bxc4 Bf6 28. Bxc7 Nxc7 {½-½ (28) Neese,H (2161)-Nuenchert,E 
(1990) Berlin DSenEM 2010}) 6. Nge2 exd5 7. exd5 Bg7 8. Ng3 O-O 9. Be2 Nbd7 10.
Bf4 Ne8 11. O-O Ne5 12. Kh1 Qh4 13. Qd2 h6 14. Bxe5 Bxe5 15. f4 Bg7 16. f5 $4 (
16. Bd3 $142 $15) 16... Be5 $19 17. Kg1 Bxf5 18. Rxf5 gxf5 19. Nxf5 Qxh2+ 20.
Kf2 Ng7 21. Nxh6+ Kh7 22. Ng4 Qg3+ 23. Kf1 Bf4 24. Qd3+ f5 25. Nf2 Rae8 26.
Qxg3 Bxg3 27. a3 Re7 28. b4 Be5 29. Rc1 Rfe8 30. Nfd1 Bd4 31. Rc2 Nh5 $1 32.
bxc5 Ng3+ 33. Ke1 Bxc5 34. Nb2 Bd4 35. Nba4 Re3 36. Kd1 Bxc3 37. Nxc3 Rxc3 $1
38. Rxc3 Nxe2 39. Rb3 b6 40. Kd2 f4 41. Rf3 Kg6 42. Rf2 Ng3 43. Rxf4 Re2+ 44.
Kc3 Rxg2 45. Rf8 Ne4+ 46. Kd4 Ng5 47. Ra8 Rg4+ 48. Kc3 Ne4+ 49. Kb4 Nd2 50.
Rxa7 Nxc4 51. Kb5 Kf5 52. a4 Ke5 53. Kc6 Rg8 54. Rc7 Ra8 55. Kb5 Ne3 56. Re7+
Kd4 57. Re6 Nc4 58. Rh6 Kxd5 59. Rh7 Ne5 60. Rh4 Nf3 61. Rf4 Nd4+ 62. Kxb6 Rxa4
63. Rf6 Rc4 64. Rh6 Rc6+ 65. Kb7 Kc5 66. Rh1 d5 67. Rd1 Rh6 68. Kc7 Rh7+ 69.
Kc8 Nb5 70. Rd2 Nd6+ 71. Kb8 d4 72. Ka8 Kb6 73. Rb2+ Nb5 0-1

[Event "Werner-Ott-Open Kreuzberger Sommer 2018"]
[Site "Berlin"]
[Date "2018.06.30"]
[Round "1.9"]
[White "Klatt, Jan"]
[Black "Baumeister, Wolfgang"]
[Result "0-1"]
[WhiteElo "2177"]
[BlackElo "1730"]
[Annotator "Lange,A1&BB_R_640941"]
[PlyCount "44"]
[EventDate "2018.06.30"]
[EventType "swiss"]
[EventRounds "9"]
[EventCountry "GER"]
[SourceTitle "WOOKS_2018_R1"]
[Source "Andreas Lange"]
[SourceDate "2018.06.30"]
[SourceVersion "1"]
[SourceVersionDate "2018.06.30"]
[SourceQuality "1"]
[WhiteTeam "SG Guestrow"]
[BlackTeam "SC Kreuzberg"]
[WhiteTeamCountry "GER"]
[BlackTeamCountry "GER"]

{[%mdl 8192] A00: Unregelmäßige Eröffnungen} 1. g3 f5 2. Bg2 Nf6 3. d3 (3.
f4 d6 4. Nf3 g6 5. d3 Bg7 6. c3 O-O 7. O-O c6 8. Qc2 Qc7 9. e4 e5 10. Kh1 Kh8
11. Na3 fxe4 12. dxe4 Be6 13. Ng5 Bg8 14. f5 gxf5 15. exf5 Qe7 16. Qe2 Nbd7 17.
Be3 d5 {Wockenfuss,K (2375)-Heidrich,M (2260), 1. Bundesliga 1984/85, 1985
½-½ (52)}) 3... d5 4. Nf3 $146 (4. a3 e5 5. e3 Be7 6. Ne2 Be6 7. Nd2 c5 8.
O-O Nc6 9. Rb1 O-O 10. b3 Qe8 11. Bb2 Qh5 12. Nf3 Bd6 13. d4 cxd4 14. exd4 e4
15. Ne5 Ng4 16. Nxg4 fxg4 17. c4 Rf6 18. Nc3 Rh6 {Koenig,F (1940)-Strick,G 
(1710) Berlin KM BSG Eckbauer 2015, 0-1 (31)}) 4... e6 5. b3 Be7 6. Bb2 O-O 7.
Nbd2 c6 8. Ne5 Nbd7 9. Nxd7 Bxd7 10. a4 a5 11. O-O Be8 12. e4 fxe4 13. dxe4 Bh5
14. Qe1 Bc5 15. h3 Qc7 16. Kh1 Bg6 17. e5 Nh5 18. Kh2 Qb6 19. Bf3 Bxc2 $4 20.
Bxh5 $16 Bd3 21. Be2 $4 Bxf2 $19 22. Qd1 Qe3 0-1

[Event "Werner-Ott-Open Kreuzberger Sommer 2018"]
[Site "Berlin"]
[Date "2018.06.30"]
[Round "1.10"]
[White "Granzin, David"]
[Black "Kauschmann, Herbert"]
[Result "1/2-1/2"]
[WhiteElo "1729"]
[BlackElo "2162"]
[Annotator "Lange,A1&BB_R_640941"]
[PlyCount "51"]
[EventDate "2018.06.30"]
[EventType "swiss"]
[EventRounds "9"]
[EventCountry "GER"]
[SourceTitle "WOOKS_2018_R1"]
[Source "Andreas Lange"]
[SourceDate "2018.06.30"]
[SourceVersion "1"]
[SourceVersionDate "2018.06.30"]
[SourceQuality "1"]
[WhiteTeam "SC Kreuzberg"]
[BlackTeam "BSC Rehberge 1945"]
[WhiteTeamCountry "GER"]
[BlackTeamCountry "GER"]

{[%mdl 8192] B06: Moderne Verteidigung} 1. e4 g6 2. Nf3 Bg7 3. Bb5 $146 (3. Nc3
Nc6 4. g3 d6 5. Bg2 Bg4 6. O-O Nf6 7. d3 O-O 8. Bd2 Nd4 9. h3 Bxf3 10. Bxf3 Qd7
11. h4 c5 12. Bg2 Qg4 13. Nd5 Qxd1 14. Nxf6+ Bxf6 15. Raxd1 Nxc2 16. Bc3 Nd4
17. Bxd4 Bxd4 {Drebant,M (792)-Rose,L (1121), Berlin, BEM 2012 U10, 1.
Vorrunde 2011, 0-1 (53)}) (3. c4 e6 4. d4 Ne7 5. Nc3 d5 6. Be2 Nbc6 7. Be3 a6
8. O-O O-O 9. Qd2 dxe4 10. Nxe4 Nf5 11. Rad1 Nxe3 12. Qxe3 Qe7 13. Rfe1 b6 14.
Ng3 Bb7 15. Ne5 Rad8 16. f4 Nxe5 17. dxe5 Rxd1 {Seel,C (2474)-Carlstedt,J 
(2442) Berlin Meierei Bolle Blitz WM 2015 0-1 (61)}) (3. c3 c6 (3... d6 4. Bc4
Nf6 5. Ng5 O-O 6. d4 Nbd7 7. Bf4 e5 8. dxe5 dxe5 9. Nxf7 Rxf7 10. Bxe5 Nxe4 11.
Bxf7+ Kxf7 12. Qd5+ Kf8 13. Bxg7+ Kxg7 14. Qxe4 Nf6 15. Qd4 Qe7+ 16. Qe3 Qxe3+
17. fxe3 Ne4 18. O-O {Lambrecht,S (599)-Zender,J, Berlin, BEM 1999 U16, 1-0 
(51)}) 4. Be2 d5 5. exd5 Qxd5 6. O-O Nf6 7. d4 O-O 8. Nbd2 Bg4 9. c4 Qd8 10.
Qb3 Qb6 11. Re1 Nbd7 12. Qxb6 axb6 13. h3 Bxf3 14. Bxf3 Rfe8 15. a3 e5 16. d5
e4 17. Bg4 Nxg4 {Stark,S (1474)-Kujawa,W (1756) Berlin Lichtenberger Sommer
2017 0-1 (59)}) 3... c5 4. c3 a6 5. Ba4 b5 6. Bc2 Bb7 7. O-O d5 8. d3 e6 9. a4
Nd7 10. exd5 Bxd5 11. d4 Ngf6 12. Qe2 O-O 13. Bf4 Qb6 14. Nbd2 cxd4 15. cxd4
Rac8 16. Bd3 Bc6 17. Ne4 Bxe4 18. Bxe4 Nd5 19. Bxd5 exd5 20. axb5 axb5 21. Qd3
Rfe8 22. Rfe1 Qf6 23. Qb3 Rxe1+ 24. Rxe1 Qc6 25. h3 Qb7 26. Ra1 1/2-1/2

[Event "Werner-Ott-Open Kreuzberger Sommer 2018"]
[Site "Berlin"]
[Date "2018.06.30"]
[Round "1.11"]
[White "Wierzbicki, Jirawat"]
[Black "Nitsche, Nikolai"]
[Result "1-0"]
[WhiteElo "2161"]
[BlackElo "1726"]
[Annotator "Lange,A1&BB_R_640941"]
[PlyCount "73"]
[EventDate "2018.06.30"]
[EventType "swiss"]
[EventRounds "9"]
[EventCountry "GER"]
[SourceTitle "WOOKS_2018_R1"]
[Source "Andreas Lange"]
[SourceDate "2018.06.30"]
[SourceVersion "1"]
[SourceVersionDate "2018.06.30"]
[SourceQuality "1"]
[WhiteTeam "SK Koenig Tegel 1949"]
[BlackTeam "SV Empor Berlin"]
[WhiteTeamCountry "GER"]
[BlackTeamCountry "GER"]

{[%mdl 64] C00: Französische Verteidigung (Seltene Züge)} 1. e4 e6 2. d3 d5 3.
Qe2 Nf6 4. Nf3 Be7 5. g3 c5 6. Bg2 Nc6 7. O-O O-O 8. e5 Nd7 9. c4 Nb6 10. h4 (
10. Bf4 h6 11. h4 Rb8 12. Re1 Nd4 13. Nxd4 cxd4 14. Nd2 dxc4 15. dxc4 Bb4 16.
Red1 d3 17. Qg4 Bxd2 18. Rxd2 h5 19. Qxh5 Nxc4 20. Be4 g6 21. Bxg6 fxg6 22.
Qxg6+ Kh8 23. Qh6+ Kg8 24. Qg6+ Kh8 {Buchal,S (2297)-Schulz,M (2214), Berlin,
DSenEM 2015 Gruppe A, 1-0 (41)}) 10... dxc4 $146 11. dxc4 $16 f6 12. Rd1 Qc7
13. exf6 Bxf6 14. Na3 a6 15. Ng5 Nd4 16. Qe4 Bxg5 17. Bxg5 Rb8 18. Bf4 $16 Rxf4
19. gxf4 Bd7 20. Qe5 Qxe5 21. fxe5 Rf8 22. b4 Ba4 23. Rd2 Nf3+ 24. Bxf3 Rxf3
25. bxc5 Nd7 26. Nb5 $1 Nxe5 27. Rd8+ Rf8 $2 28. Rxf8+ $19 Kxf8 29. Nd4 Nxc4
30. Nxe6+ Kg8 31. Nd4 Ne5 32. Rb1 Nd3 33. Rxb7 Nxc5 34. Rc7 Nd3 35. Ne6 g6 36.
Rg7+ Kh8 37. Ra7 1-0